Länder Südamerikas nach Bevölkerung (absteigende Reihenfolge) - Statistiken

Allgemein
  • Dieses Quiz wurde 14 mal gespielt
  • Das Durchschnittsergebnis liegt bei 9 aus 12
Antwortstatistiken
Hint Antwort % Korrekt
46.200.000 Argentinien
100%
12.200.000 Bolivien
100%
214.800.000 Brasilien
100%
19.800.00 Chile
100%
18.000.000 Ecuador
100%
49.100.000 Kolumbien
100%
33.400.000 Peru
100%
28.300.000 Venezuela
91%
6.800.000 Paraguay
82%
600.000 Suriname
73%
17.800.000 Guatemala
0%
6.700.000 Nicaragua
0%
Keine übereinstimmenden Quizze gefunden
Verteilung der Resultate
Anzahl Personen mit jedem Resultat
Perzentil nach korrekt beantworteten Fragen
Ihre Resultats-Entwicklung
Sie haben dieses Quiz noch nicht gespielt